| 000 | 00376 a2200169 4500 | ||
|---|---|---|---|
| 001 | 71502 | ||
| 020 | _a8516013383 | ||
| 040 | _cAnchieta - Colégio São Paulo | ||
| 100 | _aFiúzia, Elza | ||
| 240 | 1 | 0 |
_aO veado e a onça _lpor |
| 245 | 1 | 0 | _aO veado e a onça |
| 300 | _a47 | ||
| 362 | 0 | _a1995 | |
| 440 | 1 | _aModerna | |
| 650 | 4 | _aLiteratura infanto-juvenil | |
| 942 | _cBK | ||
| 999 |
_c71502 _d71502 |
||